Αξιωματικαί μέθοδοι εις την φυσικήν εν αξιωματικόν σύστημα της τοπολογίας του χώρου-χρόνου

Αποθηκεύτηκε σε:
Λεπτομέρειες βιβλιογραφικής εγγραφής
Κύριος συγγραφέας: Καρτσακλής, Αναστάσιος
Μορφή: Βιβλίο
Γλώσσα:Greek
Δημοσίευση: [Ελλάδα] : [χ.ό], 1971.
Θέματα:
Ετικέτες: Προσθήκη ετικέτας
Δεν υπάρχουν, Καταχωρήστε ετικέτα πρώτοι!

MARC

LEADER 00000cam a2200000 a 4500
001 1/107699
008 150728s1971####gr | ||| |||| ||gre||
040 |a GR-MyUa  |b gre  |c GR-MyUa  |e AACR2 
041 0 |a gre 
082 7 |a 516   |2 (23) 
100 1 |a Καρτσακλής, Αναστάσιος. 
245 1 0 |a Αξιωματικαί μέθοδοι εις την φυσικήν εν αξιωματικόν σύστημα της τοπολογίας του χώρου-χρόνου   |h [ανάτυπο] /   |c υπό Α. Καρτσακλή. 
260 |a [Ελλάδα] :   |b [χ.ό],   |c 1971. 
300 |a [10 σ.] :   |b σχέδια ;   |c 23 εκ.  
500 |a Ανάτυπον έκ των ΧΡΟΝΙΚΩΝ ΤΟΥ 4ου ΣΥΝΕΔΡΙΟΥ ΤΗΣ ΕΛΛΗΝΙΚΗΣ ΜΑΘΗΜΑΤΙΚΗΣ ΕΤΑΙΡΕΙΑΣ - 1971. 
650 0 |a Axioms. 
650 0 |a Topology. 
852 |a INST  |b SAMOS  |c MAG  |e 20150728  |h 516 ΚΑΡ  |p 005300034948  |q 005300034948  |t BK  |y 0 
970 |a Σιτζίμη  |b Γιασεμή  |z 28/07/2015